| 000 | 00908cad a22002055a 4500 | ||
|---|---|---|---|
| 001 | L156725 | ||
| 008 | 120629s20120629xxk f 000 0 eng d | ||
| 035 | _a(Sirsi) u156725 | ||
| 041 | 0 | _aeng | |
| 110 | 2 |
_aNationwide Building Society _91019 |
|
| 245 | 0 | 0 |
_aNationwide house price index _bQ2 2012 _h[electronic resource] |
| 260 | _c2012 | ||
| 490 | 0 |
_aNationwide House Price Index _vSecond Quarter 2012 |
|
| 520 | _aUnited Kingdom house prices fell by 1% quarter on quarter. 9 out of 13 UK regions recorded house price decreases in Q2 2012. London sees the strongest growth in the quarter and also over the past 12 months. Northern Ireland remained the weakest region. | ||
| 590 | _aKA | ||
| 651 | 4 |
_aUnited Kingdom _y |
|
| 690 | _aPROPERTY-RESIDENTIAL PROPERTY | ||
| 856 | 4 | 8 |
_uhttps://www.nationwide.co.uk/hpi/historical/Q2_2012.pdf _zView this item free of charge at www.nationwide.co.uk |
| 942 | _n0 | ||
| 999 |
_c114389 _d114389 |
||